00891nam a2200241Ia 4500003000900000008004100009040001300050040001300063041000800076100001600084245006500100250001300165260001600178260000900194300001100203300001000214490002600224490000600250600018800256942000700444999001700451952018100468IT-RoPAU120407s9999 xx 000 0 und d aIT-RoPAU cIT-RoPAU aita aKarl Rahner aSulla teologia della morte. Con una digressione sul martirio aBrescia  aMorcelliana c1972 a111 p. c21 cm aQuestionis disputatae v1 a"Tit. orig.:Zur Theologie des Todes .Mit einem Exkurs ùber das Martyrium. Trad. L. Marinconz 3 ed. 1 - Morte 2 - Martirio I -. Marinconz Lydia 236 BNI - 72-13290" cBK c24391d24391 00102ddc406236_24000000000000071aPAULUSbPAULUSd2012-04-11l0o236.24r2012-04-11 00:00:00w2012-04-11yBKzInserito da: In data: n.d. fondo: Via A.Severo 56 Progr:34209